| 000 | 03313cam a22006014i 4500 | ||
|---|---|---|---|
| 003 | PE-LiUPU | ||
| 005 | 20250731173258.0 | ||
| 008 | 150625s1995 sp a rb 000 0 spa d | ||
| 020 | _a8482672193 | ||
| 035 | _a(Sirsi) i9788482672199 | ||
| 040 |
_aPE-LiUPU _bspa _cPE-LiUPU _erda |
||
| 049 | _aPRUA | ||
| 082 | 0 | 4 |
_a253.5 _bS78 _221 |
| 100 | 1 |
_aStamateas, Bernardo, _eautor. |
|
| 245 | 1 | 0 |
_aAconsejamiento pastoral : _buna respuesta bíblica y terapéutica a la conflictividad emocional del ser humano / _cBernardo Stamateas. |
| 264 | 1 |
_aBarcelona : _bClie, _c1995. |
|
| 300 |
_a320 páginas : _bilustraciones ; _c24 centímetros. |
||
| 336 |
_atext _2rdacontent |
||
| 337 |
_aunmediated _2rdamedia |
||
| 338 |
_avolume _2rdacarrier |
||
| 490 | 0 |
_aColección pastoral y consejería ; _v1 |
|
| 500 | _a"Glosario" ; (A-Z). | ||
| 504 | _aIncluye bibliografía. | ||
| 505 | 0 | _aLa psicología pastoral -- La personalidad -- Estructura de personalidad paranoide -- Estructura de personalidad psicopática -- Estructura de personalidad ciclotímica -- Estructura de personalidad neurótica -- Estructura de personalidad histérica -- Estructura de personalidad obsesiva -- Estructura de personalidad psicótica -- La depresión -- El suicidio -- El estrés -- Enfermos terminales. | |
| 526 | _aSEG42 | ||
| 526 | _aSEG41 | ||
| 526 | _aSEG40 | ||
| 526 | _aSEG39 | ||
| 526 | _aP94 | ||
| 526 | _aP87 | ||
| 526 | _aP86 | ||
| 526 | _aP85 | ||
| 526 | _aP77 | ||
| 526 | _aP76 | ||
| 526 | _aP35 | ||
| 541 | _g002-004464; | ||
| 541 | _g003-0002819; | ||
| 541 | _g003-0002819; | ||
| 541 | _g003-0002819; | ||
| 650 | 1 | 4 |
_aConsejería pastoral. _91495 |
| 650 | 2 | 4 | _aMinisterio pastoral. |
| 942 |
_2ddc _cBOOK |
||
| 949 |
_a253.5 S78 _wDEWEY _c1 _i58574 _d2016-11-20 _e2016-11-16 _lCCODEBUL1 _mBUL _n2 _p12.00 _r0 _sY _tBOOK _u2015-6-25 _xTEOLOGIA _PP08 _0COMPRA _o.STAFF. Colección General |
||
| 949 |
_a253.5 S78 _wDEWEY _c2 _i53803 _d2016-6-9 _e2016-6-2 _lCCODEBUL1 _mBUL _n3 _p18.00 _r0 _sY _tBOOK _u2015-6-25 _xTEOLOGIA _zUNKNOWN _0COMPRA _o.STAFF. Colección General |
||
| 949 |
_a253.5 S78 _wDEWEY _c3 _i55783 _lCCODEBUL1 _mBUL _p18.00 _r0 _sY _tBOOK _u2015-6-25 _xTEOLOGIA _zUNKNOWN _0COMPRA _o.STAFF. Colección General |
||
| 949 |
_a253.5 S78 _wDEWEY _c4 _i56017 _lCCODEBUL1 _mBUL _p18.00 _r0 _sY _tBOOK _u2015-6-25 _xTEOLOGIA _zUNKNOWN _0COMPRA _o.STAFF. Colección General |
||
| 994 |
_aC0 _bPEPRU |
||
| 596 | _a1 | ||
| 999 |
_a253.5 S78 _wDEWEY _c43905 _i58574 _d43905 _e2022-7-4 _f2021-11-10 _g5 _lCCODEBUL1 _mBUL _n4 _p12.00 _q6 _r0 _sY _tBOOK _u2015-6-25 _xTEOLOGIA _PP08 _0COMPRA _o.STAFF. Colección General |
||
| 999 |
_a253.5 S78 _wDEWEY _c2 _i53803 _d2022-7-5 _e2022-7-4 _f2021-11-10 _g5 _lCCODEBUL1 _mBUL _n5 _p18.00 _q5 _r0 _sY _tBOOK _u2015-6-25 _xTEOLOGIA _zUNKNOWN _0COMPRA _o.STAFF. Colección Teología |
||
| 999 |
_a253.5 S78 _wDEWEY _c3 _i55783 _d2019-5-28 _e2018-4-6 _f2021-11-10 _g5 _lCCODEBUL1 _mBUL _n4 _p18.00 _q5 _r0 _sY _tBOOK _u2015-6-25 _xTEOLOGIA _zUNKNOWN _0COMPRA _o.STAFF. Colección Teología |
||
| 999 |
_a253.5 S78 _wDEWEY _c4 _i56017 _d2019-6-26 _e2019-6-4 _f2021-11-10 _g5 _lCCODEBUL1 _mBUL _n1 _p18.00 _q4 _r0 _sY _tBOOK _u2015-6-25 _xTEOLOGIA _PP35 _0COMPRA _o.STAFF. Colección Teología |
||
| 980 |
_81 _gALBERTO SANCHEZ Responsable de Automatización |
||